000 00315pab a2200145 454500
008 180718b1987 xxu||||| |||| 00| 0 eng d
100 _aAmrik Singh
245 _aThe crisis of Hinduism - II
260 _c1987
300 _a28-30
362 _a9 May
650 _aHinduism
773 _aMainstream
909 _a9726
999 _c9726
_d9726